|
|
|
|
| LEADER |
01309nam a2200325 a 4500 |
| 001 |
EBC3320099 |
| 003 |
MiAaPQ |
| 005 |
20200520144314.0 |
| 006 |
m o d | |
| 007 |
cr cn||||||||| |
| 008 |
130910s2012 gw ad sbm 001 0 ger d |
| 020 |
|
|
|z 9783862193745
|
| 020 |
|
|
|z 9783862193752 (e-book)
|
| 035 |
|
|
|a (MiAaPQ)EBC3320099
|
| 035 |
|
|
|a (Au-PeEL)EBL3320099
|
| 035 |
|
|
|a (CaPaEBR)ebr10752186
|
| 035 |
|
|
|a (OCoLC)929118218
|
| 040 |
|
|
|a MiAaPQ
|c MiAaPQ
|d MiAaPQ
|
| 050 |
|
4 |
|a QC793.5.E628
|b B86 2012
|
| 100 |
1 |
|
|a Bumiller, Christian.
|
| 245 |
1 |
0 |
|a Studium der Elektron-Phonon-Kopplung in nanostrukturierten Adsorbatsystemen mittels winkelaufgeloster Photoelektronenspektroskopie
|h [electronic resource] /
|c Christian Bumiller.
|
| 260 |
|
|
|a Kassel :
|b Kassel University Press,
|c 2012.
|
| 300 |
|
|
|a v, 132 p. :
|b ill.
|
| 502 |
|
|
|a Dissertation--Kassel Univ., 2012.
|
| 504 |
|
|
|a Includes bibliographical references and index.
|
| 533 |
|
|
|a Electronic reproduction. Ann Arbor, MI : ProQuest, 2015. Available via World Wide Web. Access may be limited to ProQuest affiliated libraries.
|
| 650 |
|
0 |
|a Electron-phonon interactions.
|
| 655 |
|
4 |
|a Electronic books.
|
| 710 |
2 |
|
|a ProQuest (Firm)
|
| 856 |
4 |
0 |
|u https://ebookcentral.proquest.com/lib/matrademy/detail.action?docID=3320099
|z Click to View
|